000 00762nam a2200241Ia 4500
003 OSt
005 20220923211828.0
006 a|||||r|||| 00| 0
007 ta
008 220922b |||||||| |||| 00| 0 san d
024 _a59,119
037 _cTextual
040 _aARTS
_cARTS
_bsan
041 _2san
_asan
082 _aQ14:21, 152L4.1-.4
100 _aसायणाचार्य
245 0 _aअथर्ववेद संहिता, श्रीकण्ठ शास्त्री सम्पा
246 _aAtharvaved sanhitā, shrīkaṇṭha shāstrī sampā
260 _c1974
300 _a4 अ
_ccm.
942 _hQ14:21, 152L4.1-.4
_cTEXL
_2CC
999 _c304011
_d304011